Statistics for Countries by Partial Satellite Image #3

Click here to take the quiz!

General Stats

  • This quiz has been taken 28,829 times
  • The average score is 11 of 15

Answer Stats

Answer% Correct
Egypt
93%
Norway
88%
Iceland
87%
Australia
86%
Ireland
86%
Russia
84%
China
83%
United States
82%
Canada
78%
India
69%
Chile
57%
Haiti
57%
Thailand
51%
Netherlands
40%
Senegal
18%

Score Distribution

Percentile by Number Answered

Percent of People with Each Score

Your Score History

You have not taken this quiz